Biblioteca

La Fuerza de esta voz (Registro nro. 68312)

Detalles MARC
000 -LÍDER
Campo fijo de descripción fija 00727nam a2200241 i 4500
001 - NÚMERO DE CONTROL
Campo de control BINCO
003 - IDENTIFICADOR DEL NÚMERO DE CONTROL
Campo de control CO-MdBIC
005 - FECHA Y HORA DE LA ULTIMA TRANSACCIÓN
control field 20240610155223.0
008 - ELEMENTOS DE LONGITUD FIJA -- INFORMACIÓN GENERAL
Campo fijo de descripción fija -- Información general 221019b2021 ck ab||| |||| 00| 0 spa d
020 ## - NÚMERO INTERNACIONAL NORMALIZADO PARA LIBROS
Número Internacional Normalizado del libro 9789585387416
040 ## - FUENTE DE CATALOGACIÓN
Agencia de catalogación original CO-MdBIC
Idioma de catalogación spa.
Agencia que realiza la transcripción CO-MdBIC
Agencia que realiza la modificación CO-MdBIC
041 ## - CÓDIGO DE IDIOMA
Código de idioma para texto/pista de sonido o título separado spa
082 ## - NÚMERO DE CLASIFICACIÓN DECIMAL DEWEY
Número de la edición del Dewey 23
Número de clasificación 863
Clave de autor-Numero de item R621
100 ## - ASIENTO PRINCIPAL--NOMBRE PERSONAL
Nombre personal Rivera Marín, Daniel
Fechas asociadas con el nombre (1986-
245 #3 - TÍTULO
Título del Material La Fuerza de esta voz
Mención de responsabilidad, etc. / Daniel Rivera Marín
264 ## - PRODUCCIÓN, PUBLICACIÓN, DISTRIBUCIÓN, MANUFACTURA, Y COPYRIGHT
Lugar de producción, publicación, distribución, manufactura Bogotá, Colombia :
Nombre del productor, publicador, distribuidor Comisión de la verdad,
Fecha de producción, publicación, distribución, manufactura, o copyright [2021]
264 ## - PRODUCCIÓN, PUBLICACIÓN, DISTRIBUCIÓN, MANUFACTURA, Y COPYRIGHT
Fecha de producción, publicación, distribución, manufactura, o copyright ©2021
300 ## - DESCRIPCIÓN FÍSICA
Extensión 102 páginas :
Otros detalles físicos Ilustraciones a color ;
Dimensiones 33 cm.
490 ## - MENCIÓN DE SERIE
Mención de serie Legado Comisión de la verdad
650 ## - ASIENTO SECUNDARIO DE MATERIA - TERMINO TEMÁTICO
Subdivisión general Relatos de la guerra
700 ## - ASIENTO SECUNDARIO - NOMBRE PERSONAL
Nombre personal Builes Carmona, Elizabeth
Fechas asociadas con el nombre (1987-
942 ## - TIPO DE MATERIAL (KOHA)
Tipo de Item KOHA Z- Libro General BINCO
Existencias
Estado de Material Estado de Perdido Forma de Clasificación Estado de Dañado No para Préstamo Colección Biblioteca de Origen Biblioteca Permanente Fecha de Adquisición Área Total de Préstamos Signatura Topográfica Código de Barras Última vez visto Última vez Préstado Fecha de Remplazo Tipo de Material
    Dewey Decimal Classification     Colección General Biblioteca Infantil Comunitaria BINCO Biblioteca Infantil Comunitaria BINCO 19/10/2022 BINCO 1 863 R621 B33092 04/04/2023 17/03/2023 19/10/2022 Z- Libro General BINCO

Biblioteca FUSBC | Teléfono: (57+4) 349 88 10 Ext. 141| WhatsApp (+57) 3005338115 
E-mail: biblioteca@unisbc.edu.co | Calle 76 87-14 Robledo Palenque, Medellín, Colombia

Con tecnología Koha